|
|
|
|
| LEADER |
00000nam0a2200000 4500 |
| 001 |
64743 |
| 005 |
20240214111254.0 |
| 035 |
|
|
|a (RuTPU)RU\TPU\book\68702
|
| 090 |
|
|
|a 64743
|
| 100 |
|
|
|a 20040608d2004 k y0rusy50 ca
|
| 101 |
0 |
|
|a rus
|
| 102 |
|
|
|a RU
|
| 105 |
|
|
|a a dm 001zy
|
| 200 |
1 |
|
|a Математическая модель динамики фьючерсных контрактов на основе методов теории детерминированного хаоса
|e автореферат диссертации на соискание ученой степени кандидата технических наук
|e Спец. 05.13.01
|f О. В. Ситникова
|g Томский политехнический университет; науч. рук. В. П. Григорьев
|
| 210 |
|
|
|a Томск
|c [Б. и.]
|d 2004
|
| 215 |
|
|
|a 17 с.
|c ил.
|
| 300 |
|
|
|a Защита сост. 19.05.2004
|
| 320 |
|
|
|a Библиогр.: с. 16-17 (10 назв.)
|
| 452 |
|
1 |
|0 (RuTPU)RU\TPU\book\69041
|t Математическая модель динамики фьючерсных контрактов на основе методов теории детерминированного хаоса
|o Автореферат диссертации на соискание ученой степени кандидата технических наук:
|f О. В. Ситникова
|g Томский политехнический университет; Науч. рук.: В. П. Григорьев
|c Томск
|d 2004
|a Ситникова, Оксана Валерьевна
|
| 606 |
1 |
|
|a Экономика
|x Математические методы
|2 stltpush
|3 (RuTPU)RU\TPU\subj\80754
|9 88355
|
| 606 |
1 |
|
|a Фьючерсные рынки
|2 stltpush
|3 (RuTPU)RU\TPU\subj\37266
|9 58359
|
| 610 |
1 |
|
|a экономика
|
| 610 |
1 |
|
|a экономико-математическое моделирование
|
| 610 |
1 |
|
|a экономические модели
|
| 610 |
1 |
|
|a финансовые рынки
|
| 610 |
1 |
|
|a фьючерсные рынки
|
| 610 |
1 |
|
|a ценные бумаги
|
| 610 |
1 |
|
|a динамика
|
| 610 |
1 |
|
|a прогнозирование
|
| 610 |
1 |
|
|a системный анализ
|
| 610 |
1 |
|
|a детерминированный хаос
|
| 610 |
1 |
|
|a автокорреляционные функции
|
| 610 |
1 |
|
|a теория
|
| 610 |
1 |
|
|a авторефераты диссертаций
|
| 686 |
|
|
|a Ув631
|2 rubbk
|
| 686 |
|
|
|a 05.13.01
|2 oksvnk
|
| 686 |
|
|
|a У9(2)262.4
|2 rubbk
|
| 700 |
|
1 |
|a Ситникова
|b О. В.
|c специалист в области информатики и вычислительной техники
|c ведущий программист, доцент Томского политехнического университета, кандидат технических наук
|f 1978-
|g Оксана Валерьевна
|9 12491
|
| 702 |
|
1 |
|a Григорьев
|b В. П.
|4 727
|
| 712 |
0 |
2 |
|a Томский политехнический университет
|3 (RuTPU)RU\TPU\col\376
|
| 801 |
|
1 |
|a RU
|b 63413507
|c 20040608
|g PSBO
|
| 801 |
|
2 |
|a RU
|b 63413507
|c 20220905
|g PSBO
|
| 942 |
|
|
|c BK
|